000 00220 a2200097 4500
001 48243
100 _aFarman Fateh Poore
245 _aIqbal Sab Kilya
260 _aKarachi
_bUrdu academy Sind
_c
090 _c31198
_d31198
942 _aNUST-CAE
_cM
_c23556
999 _c283316
_d283316